02635nam a2200505 i 45000010008000000030009000080050017000170070003000340080041000370150017000780200039000950400021001340410013001550720052001680800024002200800022002440800022002661000045002882400037003332450084003702500023004542640025004773000023005023360026005253370029005513380027005805000033006075201004006406550042016446550044016866550042017306550030017726550030018026550025018327000053018577100051019109000015019619280033019769520016020099980014020259100011020390440007020509930055020579990017021125230461CZ PrSKC20260422105447.0ta260414s2026 xr g 000 f cze  acnb003743895 a978-80-249-5879-8q(brožováno) aABG001bczeerda1 aczeheng 7a821.111(73)-3xAmerická próza2Konspekt925 a821.111(73)-312MRF a(0:82-312.4)2MRF a(0:82-312.5)2MRF1 aCowles, Catherine7xx03441234aut92069610aAll the missing pieces.lČesky10aPoslední střípek /cCatherine Cowles ; přeložila Zuzana Hanešková aVydání první 1aPraha :bIkar,c2026 a391 stran ;c20 cm atextbtxt2rdacontent abez médiabn2rdamedia asvazekbnc2rdacarrier aPřeloženo z angličtiny2 aPři zkoumání nevyřešených případů pro svůj podcast narazí hlavní hrdinky nejen na nové stopy zločinů, ale i na pohledného šerifa. Román americké autorky kombinuje prvky true crime a romantiky.bRidley Sawyerová dobře ví, jaké je to přijít o kus sebe samé - kdysi totiž beze stopy zmizelo její dvojče. Teď cestuje po USA, ve svém podcastu zkoumá nevyřešené případy a snaží se dosáhnout spravedlnosti pro ostatní, když se jí to nepodařilo u sestry. Pak ji však jeden případ zavede do městečka, kde dělá šerifa Colter Brooks. A ten rozhodně nechce, aby mu tam nějaká podcasterka dělala problémy. Jenže kromě neshod se mezi nimi objevuje i nečekaná přitažlivost. A jakmile se ve vyšetřování objeví nové skutečnosti, začnou se společně přibližovat k pravdě. Ale každý jejich krok vpřed může být tím posledním... Nakladatelská anotace. 7aamerické romány7fd1317962czenas 7adetektivní romány7fd1320102czenas 7amilostné romány7fd1328402czenas 9aAmerican fiction2eczenas 9adetective novels2eczenas 9alove novels2eczenas1 aHanešková, Zuzana7jn200207160594trl9138312 aIkar (nakladatelství)7xx02370914pbl920498 aABG001b199 aEuromedia Group, a.s. - Ikar 102udc400 a010831892 aABG508 axr a312.00h449.00iTeam Businessd2026-04-22x1076113 c34208d34208